Sny a reality Byty v centre stúpajú na cene

Trh s nehnuteľnosťami na Slovensku, pôsobenie realitných kancelárií. Situácia na trhu s domami a pozemkami. Prehľad cien nehnuteľností. Situácia na trhu s bytmi. Ponuky na výstavbu rodinných domov "na kľúč" v prímestských oblastiach. Výstavba satelitného mestečka v lokalite Limbach.

Salvato in:
Dettagli Bibliografici
Autore principale: Krištofičová, Dagmar
Natura: Capitolo di libro
Lingua:slovacco
Soggetti:
Tags: Aggiungi Tag
Nessun Tag, puoi essere il primo ad aggiungerne!!

MARC

LEADER 00000naa a2200000 4500
001 r024947
005 20221213114238.1
041 0 |a slo 
044 |a SK 
245 1 0 |a Sny a reality  |b Byty v centre stúpajú na cene  |c Dagmar Krištofičová 
520 |a Trh s nehnuteľnosťami na Slovensku, pôsobenie realitných kancelárií. Situácia na trhu s domami a pozemkami. Prehľad cien nehnuteľností. Situácia na trhu s bytmi. Ponuky na výstavbu rodinných domov "na kľúč" v prímestských oblastiach. Výstavba satelitného mestečka v lokalite Limbach. 
610 2 0 |a nehnuteľnosti 
610 2 0 |a cena nehnuteľností 
610 2 0 |a kancelárie realitné 
610 2 0 |a Slovensko 
610 2 0 |a byty 
610 2 0 |a priestory nebytové 
610 2 0 |a trh 
610 2 0 |a pozemky 
610 2 0 |a ceny 
610 2 0 |a výstavba bytová individuálna 
610 2 0 |a regióny prímestské 
100 1 |a Krištofičová, Dagmar